[Event "DEM U16w"]
[Site "Willingen"]
[Date "2006.06.09"]
[Round "9.4"]
[White "Remy, Janina"]
[Black "Jehle, Anja"]
[Result "0-1"]
[WhiteElo "1887"]
[BlackElo "1834"]
[PlyCount "98"]
[EventDate "2006.??.??"]
[EventType "swiss"]
[EventRounds "9"]
[EventCountry "GER"]

1. c4 Nf6 2. g3 g6 3. Bg2 Bg7 4. Nc3 O-O 5. Nf3 d6 6. O-O Nc6 7. d3 a6 8. Rb1
Rb8 9. a4 a5 10. Bd2 Nb4 11. Nb5 c6 12. Bxb4 axb4 13. Nbd4 e5 14. Nc2 c5 15. b3
Nh5 16. Nd2 f5 17. Ne3 f4 18. Nd5 Be6 19. Qe1 g5 20. h3 g4 21. hxg4 Bxg4 22.
Bf3 Bxf3 23. exf3 Nf6 24. Nxf6+ Rxf6 25. Kg2 Rg6 26. Rh1 fxg3 27. fxg3 Qf6 28.
Qe4 Qf7 29. Rbf1 Bh6 30. Rf2 Bf4 31. g4 Rf8 32. Rh3 Qg7 33. Kg1 Kh8 34. Rg2 Rf7
35. Nf1 Rh6 36. Rxh6 Qxh6 37. Qe2 Qg5 38. Ng3 Bxg3 39. Rxg3 Qc1+ 40. Kg2 Qb1
41. Qe4 Qxb3 42. Qd5 Qc2+ 43. Kh3 Qc1 44. Kg2 Qd2+ 45. Kf1 Qf4 46. Qxd6 b3 47.
Kg2 b2 48. Qb6 Qc1 49. f4 Qxf4 0-1

[Event "DEM U18w"]
[Site "Willingen"]
[Date "2006.06.09"]
[Round "9.9"]
[White "Hafner, Katrin"]
[Black "Gasch, Franziska"]
[Result "1-0"]
[WhiteElo "1565"]
[BlackElo "1860"]
[PlyCount "93"]
[EventDate "2006.??.??"]
[EventType "swiss"]
[EventRounds "9"]
[EventCountry "GER"]

1. e4 c5 2. Nf3 e6 3. d4 cxd4 4. Nxd4 a6 5. Bd3 b5 6. O-O Bb7 7. Qe2 Qc7 8. Kh1
d6 9. f4 Nd7 10. Bd2 Ngf6 11. Na3 Nc5 12. Rae1 b4 13. Nb1 Nfxe4 14. Bxb4 Be7
15. Nd2 Nxd3 16. Qxd3 Nxd2 17. Bxd2 O-O 18. Qg3 Bf6 19. Bc3 Kh8 20. Rd1 Rac8
21. Rd2 Qe7 22. Re2 Qd7 23. Rd2 Bd5 24. a3 Rc7 25. Rfd1 Rfc8 26. Re1 Rc4 27.
Qf2 Qd8 28. Qe3 Qd7 29. Ree2 Qb7 30. Bb4 Bxd4 31. Rxd4 Rxc2 32. Bc3 Bxg2+ 33.
Kg1 Rxe2 34. Qxe2 Bd5 35. Rd3 Bc4 36. Qg4 f5 37. Qf3 Bd5 38. Qh5 Kg8 39. Rg3
Qa7+ 40. Kf1 g6 41. Rxg6+ hxg6 42. Qxg6+ Kf8 43. Qh6+ Ke8 44. Qh8+ Kd7 45. Qg7+
Kd8 46. Qxa7 Ke8 47. a4 1-0

[Event "DEM U16w"]
[Site "Willingen"]
[Date "2006.06.09"]
[Round "9.7"]
[White "Zier, Verena"]
[Black "Dittrich, Jaqueline"]
[Result "1-0"]
[WhiteElo "1872"]
[BlackElo "1589"]
[PlyCount "65"]
[EventDate "2006.??.??"]
[EventType "swiss"]
[EventRounds "9"]
[EventCountry "GER"]

1. d4 d5 2. c4 Nc6 3. Nf3 Bg4 4. cxd5 Bxf3 5. gxf3 Qxd5 6. e3 e5 7. Nc3 Bb4 8.
Bd2 Bxc3 9. bxc3 Qd6 10. Rb1 Rb8 11. Bb5 Nge7 12. O-O a6 13. Bd3 Ng6 14. Kh1
O-O 15. Rg1 Nh4 16. Rg4 Qf6 17. Be4 h5 18. Rg3 Nd8 19. Rh3 exd4 20. cxd4 Kh8
21. Qg1 g6 22. Qg3 Nf5 23. Qxc7 Ne6 24. Qe5 Qxe5 25. dxe5 Nfg7 26. Bb4 Ng5 27.
Bxf8 Nxh3 28. Bxg7+ Kxg7 29. Kg2 Ng5 30. Rxb7 Rd8 31. Bc2 Rd2 32. Bb3 Kf8 33.
Ra7 1-0

[Event "DEM U10"]
[Site "Willingen"]
[Date "2006.06.09"]
[Round "11.13"]
[White "Peil, Christoph"]
[Black "Gamisch, Laura"]
[Result "1/2-1/2"]
[WhiteElo "1339"]
[BlackElo "1226"]
[PlyCount "121"]
[EventDate "2006.??.??"]
[EventType "swiss"]
[EventRounds "11"]
[EventCountry "GER"]

1. e4 c5 2. Nf3 e6 3. d4 cxd4 4. Nxd4 Nc6 5. Nc3 Bb4 6. Ndb5 Nf6 7. a3 Bxc3+ 8.
Nxc3 h6 9. Bd3 O-O 10. O-O d5 11. exd5 exd5 12. Re1 Re8 13. Bf4 Be6 14. Qd2 Nh5
15. Rad1 Qf6 16. Bg3 Nxg3 17. hxg3 Ne5 18. Bb5 Red8 19. Qd4 Ng4 20. Qxf6 Nxf6
21. Rd4 a6 22. Ba4 b5 23. Bb3 Rd7 24. Re5 Rad8 25. Re1 g6 26. Red1 Kg7 27. f3
h5 28. Kf2 Kh6 29. Ne2 g5 30. c3 Kg6 31. Bc2+ Bf5 32. Bxf5+ Kxf5 33. a4 Ra7 34.
Ra1 Rb7 35. Rb4 Rdb8 36. Nd4+ Kg6 37. axb5 axb5 38. Ra5 Kg7 39. Raxb5 Rxb5 40.
Rxb5 Rxb5 41. Nxb5 Kf8 42. Ke3 Ke7 43. b4 Kd7 44. Kd4 Kc6 45. Na7+ Kd7 46. Nb5
Kc6 47. Na3 Kd6 48. Nc2 Ng8 49. Ne3 Ne7 50. Nc2 Nf5+ 51. Kd3 Nxg3 52. Ne3 f5
53. b5 f4 54. Nc2 Kc5 55. Nd4 g4 56. fxg4 hxg4 57. Ne6+ Kxb5 58. Nxf4 Kc5 59.
Ng6 Nh5 60. Kd2 d4 61. cxd4+ 1/2-1/2

[Event "DEM U10"]
[Site "Willingen"]
[Date "2006.06.09"]
[Round "11.6"]
[White "Kyas, Philipp"]
[Black "Abdelrasek, Ahmed"]
[Result "1/2-1/2"]
[WhiteElo "1506"]
[BlackElo "1418"]
[PlyCount "120"]
[EventDate "2006.??.??"]
[EventType "swiss"]
[EventRounds "11"]
[EventCountry "GER"]

1. d4 g6 2. Nf3 Bg7 3. Bf4 d6 4. e3 Nd7 5. c4 e5 6. dxe5 dxe5 7. Bg5 Ngf6 8.
Nc3 O-O 9. Ne4 h6 10. Nxf6+ Nxf6 11. Qxd8 Rxd8 12. Bxf6 Bxf6 13. e4 Bg4 14. Be2
Bxf3 15. Bxf3 Rd4 16. b3 Rad8 17. O-O Be7 18. Rfd1 Rd2 19. h3 Bc5 20. a4 Kg7
21. Rf1 Rb2 22. Rab1 Bxf2+ 23. Kh1 Rxb1 24. Rxb1 Kf6 25. b4 Rd4 26. Rc1 Be3 27.
Rc2 Rd2 28. Rc3 Bd4 29. Ra3 Rb2 30. b5 Rc2 31. Bg4 Rxc4 32. Bc8 Bc5 33. Rf3+
Ke7 34. Bxb7 Rxa4 35. Bd5 f6 36. h4 Ra3 37. Rxa3 Bxa3 38. g4 Kd6 39. Bc4 c6 40.
bxc6 Kxc6 41. Kg2 Kc5 42. Bd5 a5 43. Kf3 Kb4 44. h5 gxh5 45. gxh5 a4 46. Ke2
Bb2 47. Kd3 Kc5 48. Ba2 Kd6 49. Bf7 Ke7 50. Bg6 Bd4 51. Kc4 a3 52. Kb3 Bb2 53.
Ka2 f5 54. Bxf5 Kf6 55. Bg6 Kg5 56. Kb1 Kf4 57. Ka2 Ke3 58. Kb1 Kd3 59. Ka2 Bc1
60. Bf5 Kc2 1/2-1/2